000 01655nam a22004217a 4500
003 CHAP
005 20220329133842.0
008 971013s1979 r 00010 d
010 _a11793
011 _a12765
035 _a16353
040 _cCHAP
082 _a551.45
_bG6
100 0 0 _aGoodall, David W.
_949558
245 _aArid land ecosystems
_b: structure, functioning and management
260 _aLondon :
_bCambridge University,
_c1979
300 _a2 v.
_b: ilus. mapas, gráfs.
490 _aInternational Biological Programme
_v; 16
590 _aBATCH-UPD
_b10
_c20130110
_lUCH01
_h1711
590 _aBATCH-UPD
_b10
_c20130410
_lUCH01
_h1057
590 _aBATCH-UPD
_b10
_c20130914
_lUCH01
_h1153
590 _aCONVERSION
_b10
_c20130109
_lUCH01
_h1308
650 1 4 _aDesiertos
_xEcología.
_932149
650 1 4 _aDesiertos
_xMéxico.
_932151
650 1 4 _aEcosistema.
_935290
650 1 4 _aRegiones áridas.
_995669
700 0 _aPerry, R. A.
_987304
830 _aInternational Biological Programme
_v; 16
_959555
901 _aBK
942 _cLIBRO
949 _a551.45 G6
_bBC
_cLIBRO
_d33724000435145
_eLIBRO
_fv.1
_h50310
_i16353
_si
949 _a551.45 G6
_bBC
_cLIBRO
_d33724000435152
_eLIBRO
_fv.1 c.2
_h50311
_i16353
_si
949 _a551.45 G6
_bBC
_cLIBRO
_d33724000435160
_eLIBRO
_fv.1 c.3
_h52612
_i16353
_si
949 _a551.45 G6
_bBC
_cLIBRO
_d33724000435186
_eLIBRO
_fv.1 c.4
_h57377
_i16353
_si
949 _a551.45 G6
_bBC
_cLIBRO
_d33724000435194
_eLIBRO
_fv.2
_h53262
_i16353
_si
949 _a551.45 G6
_bBC
_cLIBRO
_d33724000435202
_eLIBRO
_fv.2 c.2
_h54364
_i16353
_si
949 _a551.45 G6
_bBC
_cLIBRO
_d33724000435210
_eLIBRO
_fv.2 c.3
_h57378
_i16353
_si
999 _c11793
_d11793